Where to start and what to ask : (Record no. 2904)
[ view plain ]
| 000 -LEADER | |
|---|---|
| fixed length control field | 01365cam a2200409 a 4500 |
| 001 - CONTROL NUMBER | |
| control field | 9463366 |
| 003 - CONTROL NUMBER IDENTIFIER | |
| control field | OSt |
| 005 - DATE AND TIME OF LATEST TRANSACTION | |
| control field | 20180117085952.0 |
| 006 - FIXED-LENGTH DATA ELEMENTS--ADDITIONAL MATERIAL CHARACTERISTICS | |
| fixed length control field | innnn i n |
| 007 - PHYSICAL DESCRIPTION FIXED FIELD--GENERAL INFORMATION | |
| fixed length control field | sd fungnnnmuuu |
| 008 - FIXED-LENGTH DATA ELEMENTS--GENERAL INFORMATION | |
| fixed length control field | 120130s2012 nyu 001 0 eng c |
| 015 ## - NATIONAL BIBLIOGRAPHY NUMBER | |
| National bibliography number | GBB211980 |
| Source | bnb |
| 016 7# - NATIONAL BIBLIOGRAPHIC AGENCY CONTROL NUMBER | |
| Record control number | 016026021 |
| Source | Uk |
| 020 ## - INTERNATIONAL STANDARD BOOK NUMBER | |
| International Standard Book Number | 9780393707847 (pbk.) |
| 020 ## - INTERNATIONAL STANDARD BOOK NUMBER | |
| International Standard Book Number | 0393707849 (pbk.) |
| 035 ## - SYSTEM CONTROL NUMBER | |
| System control number | (OCoLC)ocn776773475 |
| 035 ## - SYSTEM CONTROL NUMBER | |
| System control number | (OCoLC)776773475 |
| 035 ## - SYSTEM CONTROL NUMBER | |
| System control number | (NNC)9463366 |
| 040 ## - CATALOGING SOURCE | |
| Original cataloging agency | UKMGB |
| Transcribing agency | UKMGB |
| Modifying agency | BDX |
| -- | ZCU |
| 042 ## - AUTHENTICATION CODE | |
| Authentication code | pcc |
| 050 #4 - LIBRARY OF CONGRESS CALL NUMBER | |
| Classification number | RC480.7 |
| Item number | .L85 2012 |
| 082 04 - DEWEY DECIMAL CLASSIFICATION NUMBER | |
| Classification number | 158.39 |
| Edition number | 23 |
| 100 1# - MAIN ENTRY--PERSONAL NAME | |
| Personal name | Lukas, Susan Ries. |
| 245 10 - TITLE STATEMENT | |
| Title | Where to start and what to ask : |
| Remainder of title | an assessment handbook / |
| Statement of responsibility, etc. | Susan Lukas. |
| 250 ## - EDITION STATEMENT | |
| Edition statement | Enhanced ed. |
| 260 ## - PUBLICATION, DISTRIBUTION, ETC. | |
| Place of publication, distribution, etc. | New York ; |
| -- | London : |
| Name of publisher, distributor, etc. | W. W. Norton, |
| Date of publication, distribution, etc. | [2012] |
| 300 ## - PHYSICAL DESCRIPTION | |
| Extent | xvi, 182 p. ; |
| Dimensions | 22 cm. + |
| Accompanying material | 2 sound discs (4 3/4 in.). |
| 500 ## - GENERAL NOTE | |
| General note | Accompanying CDs provide additional clinical lessons from the author. |
| 650 #0 - SUBJECT ADDED ENTRY--TOPICAL TERM | |
| Topical term or geographic name entry element | Interviewing in psychiatry. |
| 650 #0 - SUBJECT ADDED ENTRY--TOPICAL TERM | |
| Topical term or geographic name entry element | Interviewing in psychiatry |
| General subdivision | Technique. |
| 650 #0 - SUBJECT ADDED ENTRY--TOPICAL TERM | |
| Topical term or geographic name entry element | Interviewing in mental health. |
| 942 ## - ADDED ENTRY ELEMENTS (KOHA) | |
| Source of classification or shelving scheme | |
| Koha item type | Book |
| 948 0# - LOCAL PROCESSING INFORMATION (OCLC); SERIES PART DESIGNATOR (RLIN) | |
| Series part designator, SPT (RLIN) | 20120605 |
| b (OCLC) | x |
| c (OCLC) | rad1 |
| d (OCLC) | MPS |
| 948 1# - LOCAL PROCESSING INFORMATION (OCLC); SERIES PART DESIGNATOR (RLIN) | |
| Series part designator, SPT (RLIN) | 20120606 |
| b (OCLC) | f |
| c (OCLC) | iw2117 |
| d (OCLC) | OSMC |
| Withdrawn status | Lost status | Source of classification or shelving scheme | Damaged status | Not for loan | Collection code | Permanent Location | Current Location | Shelving location | Date acquired | Total Checkouts | Total Renewals | Full call number | Barcode | Date last seen | Date last checked out | Price effective from | Koha item type |
|---|---|---|---|---|---|---|---|---|---|---|---|---|---|---|---|---|---|
| Central Library (CL) | Central Library (CL) | General Stacks | 03/24/2016 | 2 | 2 | 158.39 LUK | S3H-S-33 | 12/18/2022 | 11/28/2022 | 03/24/2016 | Book |
